Industrial relations and personnel management (Record no. 175547)
[ view plain ]
| 000 -LEADER | |
|---|---|
| fixed length control field | 00563nam a2200205Ia 4500 |
| 003 - CONTROL NUMBER IDENTIFIER | |
| control field | OSt |
| 005 - DATE AND TIME OF LATEST TRANSACTION | |
| control field | 20230531133430.0 |
| 008 - FIXED-LENGTH DATA ELEMENTS--GENERAL INFORMATION | |
| fixed length control field | 210423s2009 xx 000 0 und d |
| 040 ## - CATALOGING SOURCE | |
| Transcribing agency | AL |
| 041 ## - LANGUAGE CODE | |
| Language code of text/sound track or separate title | eng |
| 082 ## - DEWEY DECIMAL CLASSIFICATION NUMBER | |
| Classification number | 331 |
| Edition number | 23 |
| Item number | PYLI |
| 100 ## - MAIN ENTRY--PERSONAL NAME | |
| Personal name | PAYLEE (M V),Ed |
| 9 (RLIN) | 117904 |
| 245 ## - TITLE STATEMENT | |
| Title | Industrial relations and personnel management |
| 260 ## - PUBLICATION, DISTRIBUTION, ETC. | |
| Place of publication, distribution, etc. | Noida |
| Name of publisher, distributor, etc. | Vikas Publications |
| Date of publication, distribution, etc. | 2009 |
| 365 ## - TRADE PRICE | |
| Price amount | 200 |
| Currency code | INR |
| 650 ## - SUBJECT ADDED ENTRY--TOPICAL TERM | |
| Topical term or geographic name entry element | Economics |
| 9 (RLIN) | 117905 |
| 650 ## - SUBJECT ADDED ENTRY--TOPICAL TERM | |
| Topical term or geographic name entry element | Labour Economics |
| 9 (RLIN) | 117906 |
| 906 ## - LOCAL DATA ELEMENT F, LDF (RLIN) | |
| a | Industrial ; management ; personnel ; relations |
| 942 ## - ADDED ENTRY ELEMENTS (KOHA) | |
| Source of classification or shelving scheme | Dewey Decimal Classification |
| Koha item type | Book |
| Withdrawn status | Lost status | Damaged status | Not for loan | Collection code | Home library | Current library | Date acquired | Source of acquisition | Cost, normal purchase price | Total Checkouts | Full call number | Barcode | Date last seen | Price effective from | Koha item type |
|---|---|---|---|---|---|---|---|---|---|---|---|---|---|---|---|
| MSW | St Aloysius PG Library | St Aloysius PG Library | 01/22/2010 | Book World | 200.00 | 331 PYLI | PG022247 | 08/24/2022 | 04/26/2021 | Book |